La primera tierra / (Record no. 21849)
[ view plain ]
| 000 -CABECERA | |
|---|---|
| campo de control de longitud fija | 01477nam a2200217 a 4500 |
| 001 - NÚMERO DE CONTROL | |
| campo de control | 000022351 |
| 003 - IDENTIFICADOR DEL NÚMERO DE CONTROL | |
| campo de control | DO-SdBNP |
| 005 - FECHA Y HORA DE LA ÚLTIMA TRANSACCIÓN | |
| campo de control | 20210627105436.0 |
| 008 - DATOS DE LONGITUD FIJA--INFORMACIÓN GENERAL | |
| campo de control de longitud fija | 101004s2000 xxua 001 0 spa d |
| 020 ## - NÚMERO INTERNACIONAL ESTÁNDAR DEL LIBRO | |
| Número Internacional Estándar del Libro | 0615114288 |
| 040 ## - FUENTE DE LA CATALOGACIÓN | |
| Centro catalogador/agencia de origen | DO-SdBNP |
| Lengua de catalogación | spa |
| Centro/agencia transcriptor | BNPHU |
| 049 ## - FONDOS LOCALES (OCLC) | |
| Fondos de biblioteca | BNPD |
| 100 1# - ENTRADA PRINCIPAL--NOMBRE DE PERSONA | |
| Nombre de persona | Arvelo Caamaño, Mario |
| 9 (RLIN) | 34656 |
| 245 13 - MENCIÓN DE TÍTULO | |
| Título | La primera tierra / |
| Mención de responsabilidad, etc. | Mario Arvelo Caamaño. |
| 260 ## - PUBLICACIÓN, DISTRIBUCIÓN, ETC. | |
| Lugar de publicación, distribución, etc. | Estados Unidos : |
| Nombre del editor, distribuidor, etc. | Signature Book Printing, |
| Fecha de publicación, distribución, etc. | 2000. |
| 300 ## - DESCRIPCIÓN FÍSICA | |
| Extensión | 288 p. : |
| Otras características físicas | il. ; |
| Dimensiones | 23 cm. |
| 500 ## - NOTA GENERAL | |
| Nota general | Incluye índice de nombres |
| 500 ## - NOTA GENERAL | |
| Nota general | Incluye referencias bibliográficas y notas al pie de las páginas |
| 505 2# - NOTA DE CONTENIDO CON FORMATO | |
| Nota de contenido con formato | Domingo de ramos -- Un día espléndido -- Me he convertido en la muerte -- La dictadura balaguerista -- La rebelión de los colgados -- El culto de la personalidad -- El proceso electoral estadounidense -- El poder y la censura -- Qué es la cultura política? -- Paréntesis entre Balaguer y Balaguer -- Descanso para tres estadistas -- Aprés moi, le déluge -- Cartas a The Washington Post -- Cinco anillos entrelazados -- Prolongaciones -- Tormenta de sangre en la selva -- El castillo -- La guerra de las Malvinas -- Clic-clic-clic -- Un atajo a la santidad -- Un club peligroso -- El evangelio según San Joaquín -- Dos colosos asiáticos -- El principito -- Algunas mentiras -- Cultura política latinoamericana -- El servicio exterior dominicano -- Justicia macedonia -- La última ciudad -- La nueva tierra-- Gratitudes. |
| 942 ## - ELEMENTOS DE PUNTO DE ACCESO ADICIONAL (KOHA) | |
| Fuente del sistema de clasificación o colocación | Dewey Decimal Classification |
| Tipo de ítem Koha | Libro |
| Estado de retiro | Estado de pérdida | Fuente del sistema de clasificación o colocación | Restricciones de uso | No para préstamo | Código de colección | Localización permanente | Ubicación/localización actual | Ubicación en estantería | Fecha de adquisición | Total de préstamos | Signatura topográfica completa | Código de barras | Fecha visto por última vez | Número de copia | Precio válido a partir de | Tipo de ítem Koha |
|---|---|---|---|---|---|---|---|---|---|---|---|---|---|---|---|---|
| Dewey Decimal Classification | Préstamo en sala | Monografías: Libros y Folletos | Biblioteca Nacional Pedro Henríquez Ureña | Dominicana | En catalogación | 04.10.2010 | 22351-30 | 25.06.2020 | e. 3 | 25.06.2020 | Libro | |||||
| Dewey Decimal Classification | Préstamo en sala | Monografías: Libros y Folletos | Biblioteca Nacional Pedro Henríquez Ureña | Dominicana | En catalogación | 04.10.2010 | 22351-40 | 25.06.2020 | e. 4 | 25.06.2020 | Libro | |||||
| Dewey Decimal Classification | Préstamo en sala | Monografías: Libros y Folletos | Biblioteca Nacional Pedro Henríquez Ureña | Dominicana | En catalogación | 04.10.2010 | 22351-50 | 25.06.2020 | e. 5 | 25.06.2020 | Libro | |||||
| Dewey Decimal Classification | Excluido de préstamo | Monografías: Libros y Folletos | Biblioteca Nacional Pedro Henríquez Ureña | Patrimonio Dominicano | En catalogación | 04.10.2010 | 22351-10 | 25.06.2020 | 25.06.2020 | Libro | ||||||
| Dewey Decimal Classification | Excluido de préstamo | Monografías: Libros y Folletos | Biblioteca Nacional Pedro Henríquez Ureña | Patrimonio Dominicano | En catalogación | 04.10.2010 | 22351-20 | 25.06.2020 | e. 2 | 25.06.2020 | No se presta |
